[Event "Sandefjord MGP"]
[Site "Sandefjord"]
[Date "2003.10.17"]
[Round "4"]
[White "Petkov, Vaso"]
[Black "Reppen, Ellisiv"]
[Result "0-1"]
[WhiteElo "1227"]
[BlackElo "1374"]
[PlyCount "46"]
[EventDate "2003.10.??"]
[EventType "swiss"]
[EventRounds "4"]
[EventCountry "NOR"]
[SourceTitle "EXT 2005"]
[Source "ChessBase"]
[SourceDate "2004.11.15"]
[SourceVersion "1"]
[SourceVersionDate "2004.11.15"]
[SourceQuality "1"]

1. Nf3 Nc6 2. e4 e6 3. d4 d5 4. exd5 exd5 5. Bb5 Bd7 6. 0-0 Be7 7. Nc3 Nf6 8. Bg5 Ne4 9. Bxe7 Nxe7 10. Bxd7+ Qxd7 11. Nxe4 dxe4 12. Ne5 Qe6 13. b3 0-0 14. Nc4 a6 15. a4 Rad8 16. c3 c5 17. Qc2 cxd4 18. cxd4 Rxd4 19. Rad1 Rfd8 20. Rxd4 Rxd4 21. Rd1 Qd5 22. Rxd4 Qxd4 23. Qd2 Qa1+ 0-1